Lakáshelyzet Magyarországon az 1990-es években
Elmentve itt :
| Szerző: | |
|---|---|
| További közreműködők: | |
| Dokumentumtípus: | Szakdolgozat |
| Megjelent: |
2000
|
| Tárgyszavak: | |
| Online Access: | http://diploma.bibl.u-szeged.hu/25814 |
| LEADER | 00570nta a2200157 i 4500 | ||
|---|---|---|---|
| 001 | dipl25814 | ||
| 005 | 20130314083711.0 | ||
| 008 | 110908s2000 hu om 0|| zxx d | ||
| 040 | |a SZTE Diploma Repozitórium |b hun | ||
| 041 | |a zxx | ||
| 100 | 1 | |a Székely Zsuzsanna | |
| 245 | 1 | 0 | |a Lakáshelyzet Magyarországon az 1990-es években |h [elektronikus dokumentum] / |c Zsuzsanna Székely |
| 260 | |c 2000 | ||
| 650 | 4 | |a Jogi és igazgatási tanulmányok | |
| 700 | 1 | |a Szondi Ildikó |e ths | |
| 856 | 4 | 0 | |u http://diploma.bibl.u-szeged.hu/id/eprint/25814/1/2000_szekely_zsuzsanna.pdf |z Dokumentum-elérés |